00476cam a22001577a 4500008004000000020001500040082001200055245011000067260003600177300001000213650001200223650001400235700001800249700002700267700002400294180718b1993 xxu||||| |||| 00| 0 eng d a086311136X aB1 So13 aSociology of development and changecedited by Chandrasekhar Bhat, Laxmi Narayan Kadekar and K. Ranga Rao aNew DelhibOrient Longmanc1993 a393p. aSociety aSociology aRao, K. Ranga aKadekar, Laxmi Narayan aBhat, Chandrasekhar